Report on economic census, Punjab, 1977 (Record no. 497422)

000 -LEADER
fixed length control field 00375cam a22001097a 4500
008 - FIXED-LENGTH DATA ELEMENTS--GENERAL INFORMATION
fixed length control field 180718b1984 xxu||||| |||| 00| 0 eng d
082 ## - DEWEY DECIMAL CLASSIFICATION NUMBER
Classification number T19065x5433 E/1977
245 ## - TITLE STATEMENT
Title Report on economic census, Punjab, 1977
Statement of responsibility, etc. by Economic Adviser to Government, Punjab
260 ## - PUBLICATION, DISTRIBUTION, ETC.
Place of publication, distribution, etc. Chandigarh
Name of publisher, distributor, etc. Government of Punjab
Date of publication, distribution, etc. 1984
300 ## - PHYSICAL DESCRIPTION
Extent 144+p
700 ## - ADDED ENTRY--PERSONAL NAME
Personal name Punjab. Economic Adviser to Government
Holdings
Withdrawn status Lost status Damaged status Not for loan Permanent Location Current Location Date acquired Full call number Barcode Date last seen Price effective from Koha item type
        Indian Institute of Public Administration Indian Institute of Public Administration 2018-08-04 T19065x5433 E/1977 GG20423 2018-08-04 2018-08-04 GG

Powered by Koha